Biggest Countries in Europe in 1800 - Statistics

General Stats
  • This quiz has been taken 48 times
  • The average score is 11 of 20
Answer Stats
km² Answer % Correct
3,960,000 Russia
98%
632,000 France
93%
250,000 Ottoman Empire
86%
789,000 Sweden
86%
503,000 Spain
84%
248,000 Prussia
80%
92,000 Portugal
73%
367,000 Denmark-Norway
66%
75,000 Bavaria
61%
41,500 Netherlands (Batavian Republic)
59%
137,700 Naples (including Sicily)
57%
19,000 Saxony
50%
41,000 Papal States
39%
251,000 Great Britain (including Hanover)
34%
15,000 Baden
32%
91,000 Sardinia
32%
690,000 Habsburg Monarchy
30%
32,000 Tuscany
25%
19,500 Württemberg
23%
7,500 Hesse-Kassel
18%
No matching quizzes found
Score Distribution
Percent of People with Each Score
Percentile by Number Answered
Your Score History
You have not taken this quiz